00646nam a2200217Ia 4500003000400000005001700004008004100021020001500062040001800077041000800095082001800103100001900121245006300140250001200203260005100215300002900266650003400295650003200329650003100361650003600392OSt20260113091114.0210716s2003 xx 000 0 und d a8126504315 cAIMIT LIBRARY aeng a621.399bRATP aRatner, Peter. a3d human modeling and animation :billustrations and text. a2nd ed. aNew Delhi :bWiley Dreamtech Pvt Ltd ,c2003. axv,316 p.;bPBc24.5 cm. aBeginning modeling techniques aAnatomy of the human figure aHuman animation principles aFundamemtals of human animation